<?xml version="1.0" encoding="UTF-8"?>
<record
    xmlns:xsi="http://www.w3.org/2001/XMLSchema-instance"
    xsi:schemaLocation="http://www.loc.gov/MARC21/slim http://www.loc.gov/standards/marcxml/schema/MARC21slim.xsd"
    xmlns="http://www.loc.gov/MARC21/slim">

  <leader>00755nam a2200241Ia 4500</leader>
  <controlfield tag="003">OSt</controlfield>
  <controlfield tag="005">20240509110703.0</controlfield>
  <controlfield tag="008">210210b1956   xxu||||| |||| 00| 0 eng d</controlfield>
  <datafield tag="040" ind1=" " ind2=" ">
    <subfield code="c">AL</subfield>
  </datafield>
  <datafield tag="041" ind1=" " ind2=" ">
    <subfield code="a">Kannada</subfield>
  </datafield>
  <datafield tag="082" ind1=" " ind2=" ">
    <subfield code="a">852/440</subfield>
  </datafield>
  <datafield tag="100" ind1=" " ind2=" ">
    <subfield code="a">MAIYERS JAMES</subfield>
    <subfield code="9">161259</subfield>
    <subfield code="d">&#xCAE;&#xCC8;&#xCAF;&#xCC6;&#xCB0;&#xCCD;&#xCB8;&#xCCD; &#xC9C;&#xCC7;&#xCAE;&#xCCD;&#xCB8;&#xCCD; </subfield>
  </datafield>
  <datafield tag="245" ind1=" " ind2=" ">
    <subfield code="a">Amerikada Karmika Vargada Kate</subfield>
    <subfield code="b">&#xC85;&#xCAE;&#xCC7;&#xCB0;&#xCBF;&#xC95;&#xCBE;&#xCA6; &#xC95;&#xCBE;&#xCB0;&#xCCD;&#xCAE;&#xCBF;&#xC95; &#xCB5;&#xCB0;&#xCCD;&#xC97;&#xCA6; &#xC95;&#xCA4;&#xCC6; </subfield>
  </datafield>
  <datafield tag="260" ind1=" " ind2=" ">
    <subfield code="a">BengaLuru</subfield>
    <subfield code="b">-</subfield>
    <subfield code="c">1956</subfield>
  </datafield>
  <datafield tag="650" ind1=" " ind2=" ">
    <subfield code="a">vargada</subfield>
    <subfield code="9">161260</subfield>
  </datafield>
  <datafield tag="650" ind1=" " ind2=" ">
    <subfield code="a">kate</subfield>
    <subfield code="9">161261</subfield>
  </datafield>
  <datafield tag="650" ind1=" " ind2=" ">
    <subfield code="a">kArmika</subfield>
    <subfield code="9">161262</subfield>
  </datafield>
  <datafield tag="650" ind1=" " ind2=" ">
    <subfield code="a">AmErikada</subfield>
    <subfield code="9">161263</subfield>
  </datafield>
  <datafield tag="690" ind1=" " ind2=" ">
    <subfield code="a">Kannada Prose</subfield>
    <subfield code="9">161264</subfield>
  </datafield>
  <datafield tag="700" ind1=" " ind2=" ">
    <subfield code="a">LEDLER HYARI</subfield>
    <subfield code="9">161265</subfield>
    <subfield code="d">&#xCB2;&#xCC6;&#xCA1;&#xCCD;&#xCB2;&#xCB0;&#xCCD; &#xCB9;&#xCCD;&#xCAF;&#xCBE;&#xCB0;&#xCBF;  </subfield>
  </datafield>
  <datafield tag="906" ind1=" " ind2=" ">
    <subfield code="a">019006</subfield>
  </datafield>
  <datafield tag="942" ind1=" " ind2=" ">
    <subfield code="2">ddc</subfield>
    <subfield code="c">BK</subfield>
  </datafield>
  <datafield tag="999" ind1=" " ind2=" ">
    <subfield code="c">143057</subfield>
    <subfield code="d">143057</subfield>
  </datafield>
  <datafield tag="952" ind1=" " ind2=" ">
    <subfield code="0">0</subfield>
    <subfield code="1">0</subfield>
    <subfield code="4">0</subfield>
    <subfield code="7">0</subfield>
    <subfield code="8">Kannada</subfield>
    <subfield code="a">AL</subfield>
    <subfield code="b">AL</subfield>
    <subfield code="c">Kannada Literature</subfield>
    <subfield code="d">2021-02-17</subfield>
    <subfield code="g">0.00</subfield>
    <subfield code="l">0</subfield>
    <subfield code="o">852/440</subfield>
    <subfield code="p">019006</subfield>
    <subfield code="r">2021-02-17 00:00:00</subfield>
    <subfield code="w">2021-02-17</subfield>
    <subfield code="y">BK</subfield>
  </datafield>
</record>
